00911 a2200181 45000010006000000050017000060080041000230030015000640400040000790800025001192450118001440200022002622640043002843000019003275050353003460410008006991000022007076035720260407155854.0260407a1979 arg spa dAR-UNSa-BCEJYS aAR-UNSa-BCEJYSbspacAR-UNSa-BCEJYS a334.73xCooperativas10aGestión y contabilidad de cooperativas agrariaspAdaptada al nuevo reglamento y al plan general de contabilidad a978-84-7114-086-9 1aMadrid :bEdiciones Mundi-Prensac1979 a277 p.c21 cm. a1. Introducción – 2. Decisiones empresariales – 3. Objetivos y estrategias 4. Planificación de la empresa cooperativa – 5. Cooperativa lechera – 6. Bodega cooperativa – 7. Cooperativas hortofrutícolas – 8. Informática y contabilidad matricial – 9. Proyecto de un centro de gestión para cooperativas de una misma actividad -  aspa1 aCaballer, Vicente